Géographie de la Chine. - Statistiques

Statistiques générales
  • Ce quiz a été pris 285 fois
  • Le résultat moyen est 11 sur 18
Statistiques - réponses
Questions Réponses % Correct
Quelle est la capitale de la Chine? Pékin
95%
Avec quel pays la Chine a-t-elle sa plus grande frontière? Mongolie
94%
Quel océan borde la Chine? Océan {Pacifique}
88%
De quelle île-pays la Chine revendique-t-elle la souveraineté? Taiwan
88%
Quel désert se trouve entre cette dernière et le pays de la question précédente? Désert de {Gobi}
83%
Quelle est la plus grande ville chinoise? Shanghai
83%
À la frontière de quel pays se trouve-t-il? Népal
82%
Fleuve Jaune
79%
Dans quelle chaîne de montagne se trouve le plus grand sommet de Chine? Himalaya
76%
Quel est le point culminant de la Chine? Mont {Everest}
76%
Quelles mers? Mer {Jaune}
65%
Avec quel pays la Chine a-t-elle sa plus petite frontière? Afghanistan
48%
Mer de {Chine méridionale}
46%
Combien de province possède-t-elle? 34
38%
Mer de {Chine orientale}
36%
Quel est le plus grand lac de Chine? Lac {Qinghai}
18%
Quelle est la plus grande province chinoise? Qinghai
18%
Quels sont les deux plus grand fleuves de Chine? Yangzi Jiang
15%
Aucun quiz correspondant
Distribution des résultats
% des personnes avec chaque résultat
Percentile par nombre de réponses
Votre historique - résultats
Vous n’avez pas pris ce quiz